000 00501nam a2200217Ia 4500
005 20241216005924.0
008 180423s9999||||xx |||||||||||||| ||und||
082 _a100
_bB17
100 _aBALMES, JAIME LUCIANO
245 0 _aFILOSOFIA FUNDAMENTAL
250 _a0
260 _aARGENTINA
_bSOPENA
_c1952
300 _a269 pag.
_c22 cm
341 _h0
490 _v0
_a2
505 _aFILOSOFIA-BASICO
541 _aC
_d26-Aug-93
650 _aFILOSOFIA
856 _zHumanidades
942 _cLIBRO
999 _c760
_d760